Mar-79 (Record no. 44219)

MARC details
000 -LEADER
fixed length control field 00378nam a2200133Ia 4500
008 - FIXED-LENGTH DATA ELEMENTS--GENERAL INFORMATION
fixed length control field 211109s9999||||xx |||||||||||||| ||und||
082 ## - DEWEY DECIMAL CLASSIFICATION NUMBER
Classification number 500.05
Item number UNE-J
100 ## - MAIN ENTRY--PERSONAL NAME
Personal name Unesco Dooth,
245 #0 - TITLE STATEMENT
Title Mar-79
260 ## - PUBLICATION, DISTRIBUTION, ETC.
Name of publisher, distributor, etc. Govt Of India Central Hindi Direct
Place of publication, distribution, etc. Thiruvananthapuram
Date of publication, distribution, etc. 1900
630 ## - SUBJECT ADDED ENTRY--UNIFORM TITLE
General subdivision GENERAL STACK
650 ## - SUBJECT ADDED ENTRY--TOPICAL TERM
Topical term or geographic name entry element Natural sciences & mathematics
942 ## - ADDED ENTRY ELEMENTS (KOHA)
Koha item type BOOK
650 ## - SUBJECT ADDED ENTRY--TOPICAL TERM
Form subdivision Generalia
Holdings
Withdrawn status Lost status Damaged status Not for loan Home library Current library Date acquired Cost, normal purchase price Total Checkouts Full call number Barcode Shelving location Date last seen Price effective from Koha item type
        SB LIBRARY SB LIBRARY 09/11/2021 100.00   500.05 UNE-J 00086160 GENERAL STACK 09/11/2021 09/11/2021 BOOK

Powered by Koha